[Event "7 Cap d'Agde Master Grupo A"]
[Site "Cap d'Agde FRA"]
[Date "2006.10.28"]
[Round "4.4"]
[White "Karjakin, Sergey"]
[Black "Fressinet, Laurent"]
[Result "1/2-1/2"]
[WhiteElo "2672"]
[BlackElo "2640"]
[PlyCount "88"]
[EventDate "2006.10.27"]
[EventType "tourn (rapid)"]
[EventCountry "FRA"]
[Source "lmi"]
[SourceDate "2006.10.27"]

1. e4 e5 2. Nf3 Nc6 3. Bb5 a6 4. Ba4 Nf6 5. O-O Nxe4 6. d4 b5 7. Bb3 d5 8. dxe5
Be6 9. Nbd2 Be7 10. c3 O-O 11. Bc2 f5 12. Nb3 Qd7 13. Nbd4 Nxd4 14. Nxd4 c5 15.
Nxe6 Qxe6 16. f3 Ng5 17. a4 Rad8 18. axb5 axb5 19. Bxg5 Bxg5 20. f4 Be7 21. Kh1
Qb6 22. b3 d4 23. c4 bxc4 24. bxc4 Qb7 25. Bd3 Ra8 26. Rb1 Qc6 27. Be2 Rab8 28.
Bf3 Rxb1 29. Qxb1 Qc7 30. Bd5+ Kh8 31. Rf3 Qa5 32. Rb3 Qd2 33. g3 Bd8 34. Rb2
Qe3 35. Qd1 Qa3 36. Qb3 Qa1+ 37. Kg2 g6 38. Ra2 Qe1 39. Qb7 g5 40. fxg5 Qxe5
41. Bf3 Qg7 42. Qxg7+ Kxg7 43. h4 Bb6 44. Bd5 Re8 1/2-1/2

[Event "7 Cap d'Agde Master Grupo A"]
[Site "Cap d'Agde FRA"]
[Date "2006.10.28"]
[Round "5.4"]
[White "Fressinet, Laurent"]
[Black "Radjabov, Teimour"]
[Result "0-1"]
[WhiteElo "2640"]
[BlackElo "2729"]
[PlyCount "92"]
[EventDate "2006.10.27"]
[EventType "tourn (rapid)"]
[EventCountry "FRA"]
[Source "lmi"]
[SourceDate "2006.10.27"]

1. e4 c5 2. Nf3 Nc6 3. Bb5 e6 4. O-O Nge7 5. Re1 a6 6. Bf1 d5 7. exd5 Nxd5 8.
d4 Nf6 9. Be3 Be7 10. c4 O-O 11. Nc3 cxd4 12. Nxd4 Bd7 13. Qe2 Qc7 14. Rad1
Rad8 15. h3 Rfe8 16. Nb3 h6 17. Rd2 Bc8 18. Rxd8 Rxd8 19. Rd1 Re8 20. Na4 e5
21. Nc3 e4 22. Nd5 Nxd5 23. cxd5 Ne5 24. Bf4 f5 25. Qh5 Rf8 26. Nd4 Qd6 27. Kh1
Kh7 28. Bc4 Bg5 29. Bxe5 Qxe5 30. Ne6 Bxe6 31. dxe6 Qxb2 32. Kg1 Be7 33. Qe2
Qxe2 34. Bxe2 Rd8 35. Rd7 Rxd7 36. exd7 Kg6 37. g4 b5 38. Kf1 f4 39. Ke1 Kf6
40. Kd2 Bb4+ 41. Kc1 Ke7 42. a4 bxa4 43. Bxa6 Bc5 44. Bb5 a3 45. f3 exf3 46.
Kb1 f2 0-1

[Event "7 Cap d'Agde Master Grupo B"]
[Site "Cap d'Agde FRA"]
[Date "2006.10.27"]
[Round "1.2"]
[White "Zhao Xue"]
[Black "Skripchenko, Almira"]
[Result "1-0"]
[WhiteElo "2467"]
[BlackElo "2427"]
[PlyCount "63"]
[EventDate "2006.10.27"]
[EventType "tourn (rapid)"]
[EventCountry "FRA"]
[Source "lmi"]
[SourceDate "2006.10.27"]

1. d4 d5 2. c4 dxc4 3. e3 e5 4. Bxc4 exd4 5. exd4 Nf6 6. Nf3 Bd6 7. O-O O-O 8.
Bg5 h6 9. Bh4 Nc6 10. h3 g5 11. Bg3 Bxg3 12. fxg3 Nh5 13. g4 Nf4 14. Nc3 Na5
15. Bd3 Be6 16. Be4 c6 17. b3 Qc7 18. Rc1 Rad8 19. Bb1 Kg7 20. Qc2 Rh8 21. Rce1
c5 22. Ne2 Bd5 23. Nxf4 Qxf4 24. dxc5 Nc6 25. Qc3+ Kg8 26. Ne5 Qd4+ 27. Qxd4
Nxd4 28. Rd1 Ne2+ 29. Kh2 Kg7 30. Be4 Rhe8 31. Rxd5 Rxd5 32. Rxf7+ 1-0

[Event "7 Cap d'Agde Master Grupo B"]
[Site "Cap d'Agde FRA"]
[Date "2006.10.27"]
[Round "1.4"]
[White "Bacrot, Etienne"]
[Black "Volokitin, Andrei"]
[Result "0-1"]
[WhiteElo "2705"]
[BlackElo "2645"]
[PlyCount "56"]
[EventDate "2006.10.27"]
[EventType "tourn (rapid)"]
[EventCountry "FRA"]
[Source "lmi"]
[SourceDate "2006.10.27"]

1. d4 Nf6 2. c4 d6 3. Nf3 g6 4. Nc3 Bf5 5. g3 Ne4 6. Nxe4 Bxe4 7. Bh3 d5 8. O-O
Bxf3 9. exf3 dxc4 10. Re1 Nd7 11. Qa4 c6 12. Qxc4 Nb6 13. Qe2 Bg7 14. Bg5 Nd5
15. Rad1 Qd6 16. f4 h6 17. Bh4 g5 18. fxg5 hxg5 19. Qg4 Qh6 20. Qd7+ Kf8 21.
Qxb7 Re8 22. Bd7 gxh4 23. g4 Rd8 24. Bxc6 Qg5 25. Bxd5 Qxd5 26. Qxe7+ Kg8 27.
h3 Rh6 28. Re4 Bf6 0-1

[Event "7 Cap d'Agde Master Grupo B"]
[Site "Cap d'Agde FRA"]
[Date "2006.10.27"]
[Round "2.3"]
[White "Skripchenko, Almira"]
[Black "Koneru, Humpy"]
[Result "1-0"]
[WhiteElo "2427"]
[BlackElo "2545"]
[PlyCount "93"]
[EventDate "2006.10.27"]
[EventType "tourn (rapid)"]
[EventCountry "FRA"]
[Source "lmi"]
[SourceDate "2006.10.27"]

1. e4 e5 2. Nf3 Nf6 3. Nxe5 d6 4. Nf3 Nxe4 5. d4 d5 6. Bd3 Nc6 7. O-O Be7 8. c4
Nb4 9. Re1 Nxd3 10. Qxd3 c6 11. cxd5 cxd5 12. Qb5+ Qd7 13. Qb3 O-O 14. Nc3 Nxc3
15. bxc3 Rd8 16. Ba3 Bf6 17. Re3 Qc7 18. Qxd5 Be6 19. Qb5 Rac8 20. h3 h6 21.
Qb2 Rd5 22. Qe2 Qc4 23. Qe1 Ra5 24. Nd2 Qa6 25. Bb4 Rxa2 26. Rxa2 Qxa2 27. Ne4
Bg5 28. Nxg5 hxg5 29. Re5 b6 30. Rxg5 f6 31. Rg3 a5 32. Bd6 Qd5 33. Ba3 Bf7 34.
Qe3 Kh7 35. Qf4 Re8 36. Qc7 Re6 37. Bf8 Re1+ 38. Kh2 g6 39. Qxb6 Re6 40. Qc7
Kg8 41. Bc5 a4 42. Qc8+ Re8 43. Qa6 Ra8 44. Qxf6 a3 45. Rxg6+ Bxg6 46. Qxg6+
Kh8 47. Be7 1-0

[Event "7 Cap d'Agde Master Grupo B"]
[Site "Cap d'Agde FRA"]
[Date "2006.10.28"]
[Round "3.2"]
[White "Koneru, Humpy"]
[Black "Karpov, Anatoly"]
[Result "1-0"]
[WhiteElo "2545"]
[BlackElo "2668"]
[PlyCount "48"]
[EventDate "2006.10.27"]
[EventType "tourn (rapid)"]
[EventCountry "FRA"]
[Source "lmi"]
[SourceDate "2006.10.27"]

1. d4 d5 2. c4 dxc4 3. Nf3 Nf6 4. e3 e6 5. Bxc4 c5 6. O-O a6 7. b3 Nc6 8. Bb2
cxd4 9. Nxd4 Bd7 10. Nd2 Nxd4 11. Bxd4 Be7 12. Be2 Bc6 13. Nc4 O-O 14. Rc1 Nd5
15. Qd2 Bb4 16. Qb2 Qg5 17. Bf3 Ne7 18. Ne5 Bd5 19. Rfd1 Rfc8 20. Rxc8+ Rxc8
21. e4 Bc6 22. Be3 Qf6 23. Qd4 Ba5 24. Qd6 Ng6 1-0

[Event "7 Cap d'Agde Master Grupo B"]
[Site "Cap d'Agde FRA"]
[Date "2006.10.28"]
[Round "5.3"]
[White "Volokitin, Andrei"]
[Black "Karpov, Anatoly"]
[Result "1-0"]
[WhiteElo "2645"]
[BlackElo "2668"]
[PlyCount "139"]
[EventDate "2006.10.27"]
[EventType "tourn (rapid)"]
[EventCountry "FRA"]
[Source "lmi"]
[SourceDate "2006.10.27"]

1. e4 c6 2. d4 d5 3. e5 Bf5 4. Nf3 e6 5. Be2 Ne7 6. O-O c5 7. c4 Nbc6 8. Na3
dxc4 9. Nxc4 Nd5 10. Bg5 Qc7 11. Ne3 Be4 12. Rc1 h6 13. Bh4 cxd4 14. Nxd4 Qxe5
15. Nxc6 bxc6 16. Nc4 Qc7 17. Bg3 Nf4 18. Bf3 Rd8 19. Nd2 Bxf3 20. Qxf3 g5 21.
Rxc6 Qe5 22. Bxf4 gxf4 23. Nc4 Qd5 24. Qxd5 Rxd5 25. Rc8+ Ke7 26. g3 Kf6 27.
gxf4 Rg8+ 28. Kh1 Rc5 29. Rxc5 Bxc5 30. Ne3 Bd6 31. f5 exf5 32. Rd1 Bc5 33.
Nxf5 Rb8 34. Ng3 Ke5 35. Rd2 f5 36. Kg2 Rb4 37. Nxf5 Kxf5 38. Rd5+ Kf4 39. Rxc5
Rxb2 40. Rc4+ Kf5 41. Ra4 Rb7 42. Ra6 Rg7+ 43. Kf3 Kg5 44. Kg3 Kh5+ 45. Kh3 Kg5
46. Ra4 Rc7 47. Kg3 Kf5 48. Ra5+ Kg6 49. Kg4 Rc4+ 50. f4 Rc7 51. Ra6+ Kg7 52.
h4 Rb7 53. a4 Rc7 54. f5 Rc4+ 55. Kh5 Rc5 56. Rxa7+ Kf6 57. Kxh6 Kxf5 58. a5
Rc6+ 59. Kg7 Rg6+ 60. Kh7 Rc6 61. a6 Rc4 62. h5 Kf6 63. Rb7 Rc8 64. a7 Ra8 65.
Rb6+ Kg5 66. Rb5+ Kf6 67. Ra5 Kf7 68. Kh6 Kf6 69. Ra6+ Kf7 70. Kg5 1-0

[Event "7 Cap d'Agde Master Grupo B"]
[Site "Cap d'Agde FRA"]
[Date "2006.10.29"]
[Round "6.3"]
[White "Zhao Xue"]
[Black "Volokitin, Andrei"]
[Result "1/2-1/2"]
[WhiteElo "2467"]
[BlackElo "2645"]
[PlyCount "84"]
[EventDate "2006.10.27"]
[EventType "tourn (rapid)"]
[EventCountry "FRA"]
[Source "lmi"]
[SourceDate "2006.10.27"]

1. d4 Nf6 2. c4 d6 3. Nf3 g6 4. Nc3 Bf5 5. d5 e5 6. dxe6 Bxe6 7. e4 Nc6 8. Be2
Bg7 9. O-O O-O 10. Be3 Ng4 11. Bg5 Qd7 12. Nd5 f5 13. exf5 Rxf5 14. h3 Nge5 15.
Nxe5 Bxe5 16. Be3 Re8 17. Bg4 Rf7 18. Bxe6 Qxe6 19. Qd2 Bg7 20. Rad1 Qd7 21. b3
b6 22. Rfe1 Ne7 23. Bg5 Nxd5 24. Rxe8+ Qxe8 25. cxd5 Rf5 26. Bf4 Qe4 27. Bg3 h5
28. f3 Qe7 29. Re1 Qg5 30. Re8+ Kh7 31. Qxg5 Rxg5 32. Bh4 Rxd5 33. Bd8 Rd1+ 34.
Kf2 c5 35. Bg5 Ra1 36. a4 Rb1 37. Rd8 Rxb3 38. Rd7 Kg8 39. Rd8+ Kf7 40. Rd7+
Kf8 41. Rd8+ Kf7 42. Rd7+ Kf8 1/2-1/2

[Event "7 Cap d'Agde Master Grupo B"]
[Site "Cap d'Agde FRA"]
[Date "2006.10.29"]
[Round "6.4"]
[White "Koneru, Humpy"]
[Black "Bacrot, Etienne"]
[Result "1/2-1/2"]
[WhiteElo "2545"]
[BlackElo "2705"]
[PlyCount "63"]
[EventDate "2006.10.27"]
[EventType "tourn (rapid)"]
[EventCountry "FRA"]
[Source "lmi"]
[SourceDate "2006.10.27"]

1. d4 d5 2. c4 c6 3. Nf3 Nf6 4. e3 Bf5 5. Nc3 e6 6. Nh4 Bg6 7. Qb3 Qb6 8. Nxg6
hxg6 9. Bd2 Nbd7 10. Bd3 Be7 11. f3 Qc7 12. cxd5 exd5 13. O-O-O Qb6 14. Qc2 c5
15. Na4 Qc6 16. Nxc5 Nxc5 17. dxc5 Qxc5 18. Kb1 O-O 19. Rc1 Qxc2+ 20. Rxc2 Rac8
21. Rxc8 Rxc8 22. Rc1 Rxc1+ 23. Kxc1 Kf8 24. Bc3 Bd6 25. h3 Ke7 26. Kd2 Ke6 27.
Bd4 Be5 28. Bxa7 Bxb2 29. Kc2 Ba1 30. Kb1 Bc3 31. Kc2 Ba1 32. Kb1 1/2-1/2